| 000 | 00596nam a2200193Ia 4500 | ||
|---|---|---|---|
| 003 | GCL | ||
| 005 | 20240530101905.0 | ||
| 008 | 140319s9999 xx 000 0 ara d | ||
| 040 |
_aGCL / _cGCL |
||
| 082 | 0 | 4 |
_a920 _bم س |
| 100 | 1 | _aمحمد عبدالرحمن برج | |
| 245 | 1 | 0 |
_aساطع الحصرى / _cمحمد عبدالرحمن برج |
| 260 |
_a[S.N] : _bالهيئة المصرية العامة للكتاب ، _c1908 |
||
| 300 |
_a213 ص ؛ _c20 سم |
||
| 490 |
_aاعلام العرب _v0 |
||
| 650 | 0 | 4 | _aالسياسة |
| 650 | 0 | 4 | _aساطع الحصرى |
| 942 |
_2ddc _cBK |
||
| 999 |
_c28501 _d28501 |
||